Reflections on infantry / (Record no. 185602)

000 -LEADER
fixed length control field 00787 a2200169 4500
003 - CONTROL NUMBER IDENTIFIER
control field NUST
005 - DATE AND TIME OF LATEST TRANSACTION
control field 20221229170801.0
040 ## - CATALOGING SOURCE
Transcribing agency Nust
082 ## - DEWEY DECIMAL CLASSIFICATION NUMBER
Classification number 356.1,ATT
100 ## - MAIN ENTRY--PERSONAL NAME
Personal name M.Attiqur Rahman
9 (RLIN) 48856
245 ## - TITLE STATEMENT
Title Reflections on infantry /
Statement of responsibility, etc. Lt Gen M. Attiqur Rahman
260 ## - PUBLICATION, DISTRIBUTION, ETC.
Place of publication, distribution, etc. Karachi
Name of publisher, distributor, etc. Wajidalis
Date of publication, distribution, etc. 1978
300 ## - PHYSICAL DESCRIPTION
Extent 95 p.;
505 ## - FORMATTED CONTENTS NOTE
Formatted contents note Introduction (Page-1), Basic Infantry Postulates and Characteristics (Page-9), Future Infantry Tactics- The Attack and the Defence (Page-28), One Tactical Policy (Page-37), Human Nature and Soldier (Page-46), The Spirit of the Infantry (Page-57), Discipline-A Look Into the Future (Page-67), Training for our Future Infantry (Page-78), Infantry Reforms (Page-90).
650 ## - SUBJECT ADDED ENTRY--TOPICAL TERM
Topical term or geographic name entry element Reflections on infantry
9 (RLIN) 106433
942 ## - ADDED ENTRY ELEMENTS (KOHA)
Source of classification or shelving scheme
Koha item type Book
Call number prefix 356.1,ATT
Holdings
Withdrawn status Lost status Source of classification or shelving scheme Damaged status Not for loan Permanent Location Current Location Shelving location Date acquired Full call number Barcode Date last seen Price effective from Koha item type Public note
          Military College of Signals (MCS) Military College of Signals (MCS) General Stacks 12/12/2016 356.1,ATT MCS21512 12/08/2016 12/12/2016 Book Almirah No.53, Shelf No.4
          Military College of Signals (MCS) Military College of Signals (MCS) General Stacks 12/12/2016 356.1,ATT MCS21698 12/08/2016 12/12/2016 Book Almirah No.74, Shelf No.2
          Military College of Signals (MCS) Military College of Signals (MCS) General Stacks 12/12/2016 356.1,ATT MCS21937 12/08/2016 12/12/2016 Book Almirah No.74, Shelf No.2
© 2023 Central Library, National University of Sciences and Technology. All Rights Reserved.